| 000 | 00713nam a2200193 i 4500 | ||
|---|---|---|---|
| 001 | 88528 | ||
| 003 | ES-MaACL | ||
| 005 | 20230906175857.0 | ||
| 007 | t| | ||
| 008 | 050104s1954 sp ||||1| spa d | ||
| 100 | 1 |
_aLamalle, U. _969759 |
|
| 245 | 1 | 3 |
_aLa locomotora _b: manual práctico para los maquinistas y fogoneros / _cpor U. Lamalle, F. Legein ; traducción de Antidio Layret. |
| 250 | _a2ª ed. corr. y amp. de acuerdo con la 4ª ed. belga. | ||
| 260 |
_aBarcelona : _bGustavo Gili, _c1954 ( _fCasa Provincial de Caridad, Imp. Escuela) |
||
| 300 |
_a678 p., 2 lám. : _bil. ; _c23 cm. |
||
| 700 | 1 |
_aLegein, F. _971269 |
|
| 700 | 1 |
_aLayret Foix, Antidio. _970769 |
|
| 852 |
_aES-MaACL _jC-31544 _bR.36826 |
||
| 999 |
_c88528 _d88528 |
||